000 00700nam a2200229 a 4500
005 20221104063621.0
008 031128s1980 mx r 000 0 spa d
020 _a8425409136
035 _aUPN01000131043
049 _aCG
050 4 _aRC455
_bM4.4 1980
100 1 _aMeves, Christa
245 1 0 _aJuventud manipulada y seducida :
_bpeligros de la sociedad de consumo /
_cChrista Meves ; tr. Rufino Jimeno.
250 _a2a ed.
260 _aBarcelona, Esp. :
_bHerder,
_c1980.
300 _a232 p.
534 _pTraducción de:
_tManipulierte masslo
650 2 _aPsiquiatría social
_925672
650 4 _aTECNOLOGIA -
_xASPECTOS PSICOLOGICOS
650 4 _aNEUROSIS
_99378
905 _aLibro
999 _c103198
_d103198